Hacia una nueva visión de la política social en América Latina: desmontando mitos /
El artículo tiene como objetivo plantear las limitaciones de la política social vigente en América Latina en el contexto actual de las transformaciones económicas, sociales y políticas, y proponer algunas claves para enfrentar la situación de deterioro social imperante. El trabajo analiza las tenden...
Gardado en:
| Autor Principal: | |
|---|---|
| Formato: | Texto |
| Materias: | |
| Etiquetas: |
Engadir etiqueta
Sen Etiquetas, Sexa o primeiro en etiquetar este rexistro!
|
MARC
| LEADER | 00000 a a2200000 04500 | ||
|---|---|---|---|
| 001 | 11732 | ||
| 003 | |||
| 040 | |||
| 100 | |a Kliksberg, Bernardo | ||
| 245 | |a Hacia una nueva visión de la política social en América Latina: |b desmontando mitos / |c Bernardo Kliksberg | ||
| 520 | |a El artículo tiene como objetivo plantear las limitaciones de la política social vigente en América Latina en el contexto actual de las transformaciones económicas, sociales y políticas, y proponer algunas claves para enfrentar la situación de deterioro social imperante. El trabajo analiza las tendencias de algunos de los problemas que más afectan a la región, particularmente, la pobreza y la desigualdad social, el deterioro del empleo, la situación crítica de la infancia, el acceso a servicios de salud y la violencia e inseguridad pública | ||
| 650 | |a POLITICA SOCIAL | ||
| 650 | |a DESIGUALDAD SOCIAL | ||
| 650 | |a POBREZA | ||
| 650 | |a DESEMPLEO | ||
| 650 | |a INDICADORES SOCIALES | ||
| 650 | |a POBREZA | ||
| 650 | |a DESEMPLEO | ||
| 773 | |g volumen 8, número 34; páginas 9-42 | ||
| 999 | |c 35812 |d 35812 | ||
